Education for democracy in West Germany; (Record no. 16294)
[ view plain ]
| 000 -LEADER | |
|---|---|
| fixed length control field | 00521cam a22001691 4500 |
| 040 ## - CATALOGING SOURCE | |
| Transcribing agency | DLC |
| 082 00 - DEWEY DECIMAL CLASSIFICATION NUMBER | |
| Classification number | 370 PUB 1961 A089 Or. |
| 100 1# - MAIN ENTRY--AUTHOR NAME | |
| Personal name | Stahl, Walter, |
| 245 10 - TITLE STATEMENT | |
| Title | Education for democracy in West Germany; |
| Remainder of title | achievements, shortcomings, prospects. |
| 260 ## - PUBLICATION, DISTRIBUTION, ETC. (IMPRINT) | |
| Place of publication | New York, |
| Name of publisher | Published for Atlantik-Bruecke by F. A. Praeger |
| Year of publication | [1961] |
| 300 ## - PHYSICAL DESCRIPTION | |
| Number of Pages | xi, 356 p. |
| Other physical details | illus., diagr. |
| Dimensions | 24 cm. |
| 490 0# - SERIES STATEMENT | |
| Series statement | Books that matter |
| 650 #0 - SUBJECT ADDED ENTRY--TOPICAL TERM | |
| Topical Term | Education |
| 650 #0 - SUBJECT ADDED ENTRY--TOPICAL TERM | |
| Topical Term | Civics, German |
| 650 #0 - SUBJECT ADDED ENTRY--TOPICAL TERM | |
| Topical Term | National socialism. |
| 942 ## - ADDED ENTRY ELEMENTS (KOHA) | |
| Koha item type | សៀវភៅភាសាអង់គ្លេស |
| 952 ## - LOCATION AND ITEM INFORMATION (KOHA) | |
| Withdrawn status [LOCAL, KOHA] | 0 |
| Permanent Location | Date acquired | Koha item type | Lost status | Shelving location | Barcode | Current Location | Full call number |
|---|---|---|---|---|---|---|---|
| Library Block A | 2018-02-02 | សៀវភៅភាសាអង់គ្លេស | A089 | A23713 | Library Block A | 370 PUB 1961 A089 Or. |